| 000 | 03709cam a2200385Ia 4500 | ||
|---|---|---|---|
| 003 | BJBSDDR | ||
| 005 | 20240116161837.0 | ||
| 007 | ta | ||
| 008 | 041013s2013 sp ab j b 001 0 spa d | ||
| 020 | _a8471126788 (pbk.) | ||
| 020 | _a9788471126788 (pbk.) | ||
| 035 | _a(OCoLC)ocm56722010 | ||
| 035 | _a(OCoLC)56722010 | ||
| 040 |
_aGCV _cGCV _bspa |
||
| 041 | _aspa | ||
| 049 | _aGRAL | ||
| 050 | 1 | 4 |
_aLB 1033.5 _bF535d 2013 |
| 082 | 0 | 0 | _a371.102/2 |
| 100 | 1 |
_aFisher, Robert, _d1943- _933825 |
|
| 240 | 1 | 0 |
_aCreative dialogue. _lEspañol |
| 245 | 1 | 0 |
_aDiálogo creativo : _bhablar para pensar en el aula / _cRobert Fisher ; Traducido por Pablo Manzano Bernárdez |
| 260 |
_aMadrid : _bMorata, _c2013 |
||
| 300 |
_a279 páginas : _bilustraciones ; _c26 cm. |
||
| 500 | _aTítulo original de la obra: Creative dialogue : talk for thinking in the classroom. | ||
| 504 | _aIncluye referencias bibliográficas e indice. | ||
| 520 | _aLa educación y la capacidad de niñas y niños de establecer relaciones con los demás se apoyan en el diálogo. Mediante éste, las personas desarrollan la consciencia, aprenden a controlar sus procesos mentales internos y construyen las herramientas conceptuales para pensar. Es el fundamento del desarrollo de la inteligencia social, así como del éxito en los aprendizajes y en la vida. El diálogo es el modo más eficaz de utilizar el habla para estimular el pensamiento y los aprendizajes, y es creativo cuando es abierto, permite opiniones diferentes y estimula ideas nuevas. Diálogo creativo es una guía esencial para el aprendizaje dialógico, en la cual se exponen sus principios así como las razones por las que niñas y niños necesitan dialogar, los distintos tipos de diálogo y las características especiales del diálogo creativo. El autor presenta procedimientos muy prácticos para enseñar al alumnado a ser más reflexivo y creativo; de aprender de manera más eficaz hablando y escuchando, tanto en las instituciones escolares como en el hogar. Así, en esta obra encontrará: Técnicas para desarrollar el aprendizaje dialógico en las aulas; Una guía para provocar debates estimulantes para pensar a través del currículo; Más de 100 actividades para generar discusiones y diálogos estimulantes con niños y niñas de todas las edades y capacidades; Consejos acerca del uso del diálogo creativo para favorecer la evaluación continua de los aprendizajes; Ideas para desarrollar las destrezas de escucha y la concentración. Las nuevas generaciones, sean cuales sean los problemas a los que se tengan que enfrentar en un futuro imprevisible, necesitarán desplegar destrezas y capacidades para trabajar con otras personas a fin de poder solucionarlos. El diálogo da la oportunidad de conectarse con los demás, de expresar sentimientos y emociones, de comunicar necesidades y de responder a inquietudes. La capacidad de relacionarse con otros y de entablar un diálogo creativo será clave para el éxito futuro, tanto en su vida pública como en la privada. Tenemos que acostumbrarnos a perturbar los niveles actuales del pensamiento del alumnado mediante un diálogo que extienda, cuestione y sorprenda. Diálogo creativo es una lectura esencial para el profesorado, las familias y, en general, todas las personas que quieran entender y promover aprendizajes dialógicos | ||
| 650 | 4 |
_aComunicación en educación _91829 |
|
| 650 | 4 |
_aComportamiento verbal _933828 |
|
| 650 | 4 |
_aRelaciones maestro-estudiante _91791 |
|
| 650 | 4 |
_aCreatividad en educación _92732 |
|
| 650 | 4 |
_aAptitud creadora en educación _933829 |
|
| 700 | 1 |
_aManzano Bernárdez, Pablo _933830 _etraductor |
|
| 942 |
_2lcc _cBK |
||
| 946 | _aog | ||
| 999 |
_c111315 _d111315 |
||